Biblioteca del murciano, o Ensayo de un diccionario biográfico y bibliográfico de la literatura en Murcia / (Record no. 129087)

MARC details
000 -LEADER
campo de control de longitud fija 00900nam a2200193 i 4500
001 - NÚMERO DE CONTROL
campo de control 129087
003 - IDENTIFICADOR DE NÚMERO DE CONTROL
campo de control ES-MaACL
005 - FECHA Y HORA DE LA ÚLTIMA TRANSACCIÓN
campo de control 20230906193432.0
007 - CAMPO FIJO DE DESCRIPCIÓN FÍSICA--INFORMACIÓN GENERAL
campo de control de longitud fija t|
008 - DATOS DE LONGITUD FIJA--INFORMACIÓN GENERAL
campo de control de longitud fija 070605m19221941sp d ||||1|cspa d
100 1# - ENTRADA PRINCIPAL--NOMBRE DE PERSONA
Nombre de persona Tejera y R. de Moncada, José Pío.
9 (RLIN) 109590
245 10 - MENCIÓN DEL TÍTULO
Título Biblioteca del murciano, o Ensayo de un diccionario biográfico y bibliográfico de la literatura en Murcia /
Mención de responsabilidad, etc. formado, dispuesto y compilado por José Pío Tejera y R. de Moncada.
246 3# - FORMA VARIANTE DEL TITULO
Título propio/Titulo breve Ensayo de un diccionario biográfico y bibliográfico de la literatura en Murcia
260 ## - PUBLICACIÓN, DISTRIBUCIÓN, ETC.
Lugar de publicación, distribución, etc. Madrid :
Nombre del editor, distribuidor, etc. [s.n.],
Fecha de publicación, distribución, etc. 1922-1941 (
Fabricante Tip. de la Revista de Archivos, Bibliotecas y Museos)
300 ## - DESCRIPCIÓN FÍSICA
Extensión 2 v. ;
Dimensiones 29 cm.
650 #4 - PUNTO DE ACCESO ADICIONAL DE MATERIA--TÉRMINO DE MATERIA
Término de materia o nombre geográfico como elemento de entrada Escritores españoles-
Subdivisión geográfica Murcia (Comunidad Autónoma)-
Subdivisión de forma Biobibliografías.
9 (RLIN) 155189
650 #4 - PUNTO DE ACCESO ADICIONAL DE MATERIA--TÉRMINO DE MATERIA
Término de materia o nombre geográfico como elemento de entrada Literatura española-
Subdivisión geográfica Navarra (Comunidad Autónoma)
9 (RLIN) 155190
852 4# - LOCALIZACIÓN
Ubicación ES-MaACL
Número de control de estantería E-3267-67-bis
Holdings
Estatus retirado Estado de pérdida Estado de daño No para préstamo Colección Biblioteca de origen Biblioteca actual Ubicación en estantería Fecha de adquisición Fuente de adquisición Total de préstamos Signatura topográfica completa Código de barras Visto por última vez Precio de reemplazo Tipo de ítem Koha
        Colección de referencia Biblioteca del Ateneo de Madrid Biblioteca del Ateneo de Madrid Depósito 2 17/01/2008     E-3267-67-bis 1134428 23/02/2023 23/02/2023 Libro impreso